LEADER 00639nam0-22002411i-450- 001 990001221730403321 005 20120731155652.0 035 $a000122173 035 $aFED01000122173 035 $a(Aleph)000122173FED01 035 $a000122173 100 $a20001205d1965----km-y0itay50------ba 101 0 $aeng 200 1 $aReguläre Figuren$fby Fejes Tňth L. 210 $as.l.$cAkadémiai Kiadň$d1965. 700 1$aFejes Toth,$bLászlo$0424017 801 0$aIT$bUNINA$gRICA$2UNIMARC 901 $aBK 912 $a990001221730403321 952 $a27-F-37$b5852$fMA1 959 $aMA1 996 $aReguläre Figuren$9343174 997 $aUNINA LEADER 01120nam 2200373 450 001 9910265150603321 005 20221012131637.0 010 $a953-51-4064-7 010 $a953-51-3791-3 035 $a(CKB)4100000002890925 035 $a(NjHacI)994100000002890925 035 $a(EXLCZ)994100000002890925 100 $a20221012d2018 uy 0 101 0 $aeng 135 $aur||||||||||| 181 $ctxt$2rdacontent 182 $cc$2rdamedia 183 $acr$2rdacarrier 200 00$aComputational fluid dynamics $ebasic instruments and applications in science /$fedited by Adela Ionescu 210 1$aRijeka, Croatia :$cIntechOpen,$d[2018] 210 4$d©2018 215 $a1 online resource (410 pages) $cillustrations 311 $a953-51-3790-5 517 $aComputational fluid dynamics 606 $aComputational fluid dynamics 615 0$aComputational fluid dynamics. 676 $a620.1064 702 $aIonescu$b Adela 801 0$bNjHacI 801 1$bNjHacl 906 $aBOOK 912 $a9910265150603321 996 $aComputational fluid dynamics$9982563 997 $aUNINA